| 000 | 00353nam a2200133Ia 4500 | ||
|---|---|---|---|
| 008 | 240624s9999 xx 000 0 und d | ||
| 041 | _aeng | ||
| 082 | _a658.4063 SCH | ||
| 100 | _aSCHRAGE MICHAEL | ||
| 245 | _aSERIOUS PLAY HOW THE WORLD S BEST COMPAN | ||
| 260 |
_c1999 _aBoston _bHarvard Business Press Books |
||
| 300 | _a272 : p. | ||
| 365 |
_cRS _b28 |
||
| 999 |
_c21278 _d21278 |
||